000 00723nam a2200289Ia 4500
005 20260324134537.0
008 008 260324s9999 xx 000 0 eng d
020 _a9781315090153
037 _aEBOOK
040 _aCRL
040 _beng
040 _cCRL
041 _2eng
041 _aeng
084 _qCRL
100 _aThomas Tolley
_91197216
245 0 _aPainting the Cannon's Roar
245 0 _bMusic, the Visual Arts and the Rise of an Attentive Public in the Age of Haydn
260 _bTaylor and Francis
260 _c2001
365 _a
365 _b230
856 _uhttp://www.taylorfrancis.com/books/9781315090153
942 _cEBOOK
999 _c1797421
_d1797421